书目信息 |
| 题名: |
当代管理学
|
|
| 作者: | 琼斯, , 乔治, 著 ;郑风田 译注 | |
| 分册: | ||
| 出版信息: | 北京 人民邮电出版社 2005.07 |
|
| 页数: | 696页 | |
| 开本: | 26cm | |
| 丛书名: | 经管类双语教学版教材系列 | |
| 单 册: | ||
| 中图分类: | C93 | |
| 科图分类: | ||
| 主题词: | 管理学--guan li xue--双语教学--教材 | |
| 电子资源: | ||
| ISBN: | 7-115-13906-7 | |
| 000 | 01185nam 2200277 450 | |
| 001 | 012006512115 | |
| 005 | 20060918104843.70 | |
| 010 | @a7-115-13906-7@dCNY88.00 | |
| 100 | @a20060716d2005 km y0chiy0120 ea | |
| 101 | 2 | @achi@aeng@ceng |
| 102 | @aCN@b110000 | |
| 105 | @aa z 000yy | |
| 200 | 1 | @a当代管理学@Adang dai guan li xue@e双语教学版@e第3版@d= Contemporary Management@f(美) 加雷思·琼斯, 珍妮弗·乔治著@F(mei)jia lei si·qiong si,zhen ni fu·qiao zhi zhu@g郑风田等译注@Gzheng feng tian deng yi zhu@zeng |
| 210 | @a北京@c人民邮电出版社@d2005.07 | |
| 215 | @a696页@c图@d26cm | |
| 225 | 2 | @a经管类双语教学版教材系列@Ajing guan lei shuang yu jiao xue ban jiao cai xi lie |
| 330 | @a阅读本书不仅可以学到的丰富的管理学知识,而且读者还能从两位作者简洁流畅、生动有趣的文字中掌握地道的专业英语,同时也能了解美国文化。 | |
| 410 | 0 | @12001 @a经管类双语教学版教材系列 |
| 510 | 1 | @aContemporary Management@zeng |
| 606 | 0 | @a管理学@Aguan li xue@x双语教学@j教材 |
| 690 | @aC93@v4 | |
| 701 | 1 | @a琼斯,@Aqiong si,@b加雷思@4著 |
| 701 | 1 | @a乔治,@Aqiao zhi,@b珍妮弗@4著 |
| 702 | 0 | @a郑风田@Azheng feng tian@4译注 |
| 801 | 0 | @aCN@bpdsgxy@c20060918 |
| 905 | @a10447@dC93@eQ694 | |
| 当代管理学:双语教学版:第3版= Contemporary Management/(美) 加雷思·琼斯, 珍妮弗·乔治著/郑风田等译注.-北京:人民邮电出版社,2005.07 |
| 696页:图;26cm.-(经管类双语教学版教材系列) |
| ISBN 7-115-13906-7:CNY88.00 |
| 阅读本书不仅可以学到的丰富的管理学知识,而且读者还能从两位作者简洁流畅、生动有趣的文字中掌握地道的专业英语,同时也能了解美国文化。 |
| ● |
| 相关链接 |
|
|
|
正题名:当代管理学
索取号:C93/Q694
 
预约/预借
| 序号 | 登录号 | 条形码 | 馆藏地/架位号 | 状态 | 备注 |
| 1 | 596623 | 205966230 | 社科库509/509社科库 63排6列2层/ [索取号:C93/Q694] | 在馆 | |
| 2 | 596624 | 205966249 | 社科库509/509社科库 63排6列2层/ [索取号:C93/Q694] | 在馆 |